000
00222 a2200097 4500
001
44558
100
_a
Bucbingham
245
_a
Principles of Electronics
260
_a
London
_b
Cleaver Hume Press
_c
090
_c
28282
_d
28282
942
_a
NUST-CAE
_c
M
_c
20316
999
_c
279631
_d
279631